00807nam a22002057a 4500003000400000005001700004008004100021020001800062040003000080050002400110100002200134245004300156260005000199300001000249650008600259650006600345942001500411952015800426999001700584OSt20260703163411.0260703b |||||||| |||| 00| 0 eng d a0-8075-8650-1 cChuka University library  aPS 3561b,. K4 2002 aKehret Peg933225 aFive page a days: a writer's journey  aIllinoisbAlbert amnd whitman &Company c2002 a185p. aAuthors, -- American -- 20th Century -- biography -- juvenile literature933226 aChildren stories -- authorship -- juvenile literature933227 2lcccSLn0 00102lcc40708LGLaCHKbCHKcGENd2026-07-03eDonations From Books For Africal0oPS 3561 .K4 2002p37394/2026r2026-07-03 16:38:45t1w2026-07-03ySL c26233d26233